00721 a2200157 450000500170000002000180001708200190003511100080005424501020006226000480016430000470021285601350025994200130039499900150040795201410042220250602085905.0 a0-7517-1611-1 aLECT 657.3 AAT aAAT aTechnician unit 11: Drafting financial statements: for assessment in December 2004 and June 2005. aLondon,bBPP professional education,c2004. axvi, 212p.: ill.; picture, table. c30cm.  yAccess online bookfTechnician unit 11: Drafting financial statements: for assessment in December 2004 and June 2005.dwww.bpp.com 2ddccBKS c2966d2966 r2025-06-02 09:00:30l0oLECT 657.3 AATp00000010584v83655.00w2025-06-02yBKS102ddc407000aCBEMLbCBEMLcGENd2006-11-01g27885.00